Normal view
MARC view
- Etherton, P. T
Entry Personal Name
001 - CONTROL NUMBER
- control field: 50595
003 - CONTROL NUMBER IDENTIFIER
- control field: NUST
005 - DATE AND TIME OF LATEST TRANSACTION
- control field: 20210314134704.0
008 - FIXED-LENGTH DATA ELEMENTS
- fixed length control field: 210314|| aca||aabn | a|a d
040 ## - CATALOGING SOURCE
- Original cataloging agency: NUST
- Transcribing agency: NUST
100 ## - HEADING--PERSONAL NAME
- Personal name: Etherton, P. T
670 ## - SOURCE DATA FOUND
- Source citation: Work cat.: (NUST): Etherton, P. T., Across the roof of the world, 1911.
